[Event "XXVI Ogolnopolska Olimpiada Mlodziezy"]
[Site "Pulawy"]
[Date "2020.10.06"]
[Round "2.11"]
[White "Sniadecki, Oskar"]
[Black "Wandor, Adam"]
[Result "1-0"]
[WhiteElo "1577"]
[BlackElo "1308"]
[PlyCount "83"]
[EventDate "2020.10.04"]
[EventType "swiss"]
[Tiebreak "Sum of Buchholz+Median1 Buchholz+Sonneborn-Berger (Swiss)"]

1. d4 d5 2. Nf3 Nf6 3. Bf4 e6 4. e3 Be7 5. Nbd2 O-O 6. Bd3 c5 7. c3 Nc6 8. h4
Bd6 9. Bxd6 Qxd6 10. O-O cxd4 11. exd4 Ng4 12. Bxh7+ Kh8 13. Bc2 g6 14. Re1 Kg7
15. Nf1 Rh8 16. Ng3 b6 17. Qd2 f6 18. Qd3 Ne7 19. c4 Ba6 20. Bb3 Rac8 21. Rac1
Kf7 22. Re2 Nf5 23. Nxf5 gxf5 24. Rc3 Rc6 25. Qc2 dxc4 26. Bxc4 Bxc4 27. Rxc4
Rhc8 28. Rxc6 Rxc6 29. Qa4 Rc7 30. Qb3 Qc6 31. h5 Rc8 32. Nh4 Qc4 33. Qxc4 Rxc4
34. d5 Ne5 35. dxe6+ Kxe6 36. Nf3 Kd6 37. Rd2+ Ke7 38. Nd4 f4 39. f3 Rb4 40. b3
Kf7 41. Kh2 a5 42. a3 1-0

[Event "XXVI Ogolnopolska Olimpiada Mlodziezy"]
[Site "Pulawy"]
[Date "2020.10.06"]
[Round "2.12"]
[White "Halhoul, Adam"]
[Black "Janeczko, Jakub"]
[Result "0-1"]
[WhiteElo "1718"]
[BlackElo "1933"]
[PlyCount "86"]
[EventDate "2020.10.04"]
[EventType "swiss"]
[Tiebreak "Sum of Buchholz+Median1 Buchholz+Sonneborn-Berger (Swiss)"]

1. d4 c5 2. d5 g6 3. e4 d6 4. Nf3 Bg7 5. Bb5+ Bd7 6. a4 Nf6 7. Nc3 O-O 8. h3
Na6 9. Bxa6 bxa6 10. O-O Rb8 11. Nd2 a5 12. Qe2 Rb4 13. Rb1 Nh5 14. Qd3 Nf4 15.
Qf3 g5 16. Re1 f5 17. Qg3 h6 18. Nf1 Nh5 19. Qf3 g4 20. hxg4 fxg4 21. Qd3 Qe8
22. Ne2 Bxa4 23. c3 Qf7 24. Be3 Rbb8 25. Neg3 Bb5 26. Qd2 Bxf1 27. Nxf1 Qg6 28.
Ra1 Rb5 29. Ra2 Rfb8 30. Qc2 Be5 31. Qd2 Kh7 32. g3 Nf6 33. Bf4 Nxe4 34. Qe3
Ng5 35. Nh2 Nh3+ 36. Kg2 Bf6 37. Qe6 Rxb2 38. Rxa5 Rxf2+ 39. Kh1 Nxf4 40. gxf4
Rbb2 41. Rxa7 Rxh2+ 42. Kg1 Rhg2+ 43. Kf1 Rbf2# 0-1

[Event "XXVI Ogolnopolska Olimpiada Mlodziezy"]
[Site "Pulawy"]
[Date "2020.10.06"]
[Round "2.12"]
[White "Karys, Katarzyna"]
[Black "Wiecek, Karolina"]
[Result "0-1"]
[WhiteElo "1132"]
[BlackElo "1438"]
[PlyCount "78"]
[EventDate "2020.10.04"]
[EventType "swiss"]
[Tiebreak "Sum of Buchholz+Median1 Buchholz+Sonneborn-Berger (Swiss)"]

1. e4 c6 2. d4 d5 3. exd5 cxd5 4. Nc3 Nc6 5. Nf3 g6 6. Bb5 Nf6 7. Ne5 Bd7 8.
Bxc6 Bxc6 9. O-O Bg7 10. Bf4 O-O 11. Qd2 Qb6 12. Nxc6 Qxc6 13. Bh6 b5 14. Bxg7
Kxg7 15. a3 Rac8 16. Qe2 e6 17. Qxb5 Qxb5 18. Nxb5 Rxc2 19. Nxa7 Rxb2 20. Rfc1
Ra8 21. Nc6 Ne4 22. f3 Nd2 23. Rd1 Nc4 24. a4 Ra6 25. Ne7 Rb7 26. Nc8 Rc7 27.
Rdb1 Rxc8 28. Rb7 Rca8 29. Rb4 Nb6 30. Kf2 Nxa4 31. Ke3 Nb6 32. Rxa6 Rxa6 33.
Kd3 Ra3+ 34. Kc2 Nc4 35. Kb1 Rd3 36. Kc2 Rxd4 37. Kc3 Rd1 38. Kc2 Rd2+ 39. Kc1
Rxg2 0-1

[Event "XXVI Ogolnopolska Olimpiada Mlodziezy"]
[Site "Pulawy"]
[Date "2020.10.06"]
[Round "2.12"]
[White "Najdecka, Laura"]
[Black "Nieckarz, Maja"]
[Result "0-1"]
[WhiteElo "1106"]
[BlackElo "1426"]
[PlyCount "100"]
[EventDate "2020.10.04"]
[EventType "swiss"]
[Tiebreak "Sum of Buchholz+Median1 Buchholz+Sonneborn-Berger (Swiss)"]

1. c4 e5 2. Nc3 g6 3. Nf3 Bg7 4. e4 Nc6 5. d3 Nge7 6. Be2 O-O 7. O-O d6 8. Be3
f5 9. exf5 Nxf5 10. Qd2 Nxe3 11. fxe3 Bh6 12. Nd1 Nd4 13. Nxd4 Rxf1+ 14. Kxf1
exd4 15. Bf3 Qe7 16. Kf2 Qh4+ 17. Kg1 dxe3 18. Nxe3 Qd4 19. Re1 Bf5 20. Bxb7
Re8 21. Kf2 Qh4+ 22. Kg1 Qd4 23. Kf2 Bxd3 24. Bd5+ Kf8 25. b3 Qf4+ 26. Bf3 Be4
27. Re2 Bxf3 28. gxf3 Qxh2+ 29. Kf1 Qh1+ 30. Kf2 Bxe3+ 31. Rxe3 Qh2+ 32. Ke1
Qxd2+ 33. Kxd2 Re5 34. f4 Rxe3 35. Kxe3 Kf7 36. Ke4 Ke6 37. a4 c5 38. a5 a6 39.
Ke3 Kf5 40. Kf3 h5 41. Kg3 Ke4 42. Kg2 Kxf4 43. Kf2 g5 44. Kf1 Kf3 45. Kg1 g4
46. Kf1 g3 47. Kg1 g2 48. Kh2 Kf2 49. Kh3 g1=Q 50. Kh4 Qg4# 0-1

[Event "XXVI Ogolnopolska Olimpiada Mlodziezy"]
[Site "Pulawy"]
[Date "2020.10.06"]
[Round "2.12"]
[White "Warchol, Kamil"]
[Black "Stanik, Szymon"]
[Result "1-0"]
[WhiteElo "1875"]
[BlackElo "1201"]
[PlyCount "39"]
[EventDate "2020.10.04"]
[EventType "swiss"]
[Tiebreak "Sum of Buchholz+Median1 Buchholz+Sonneborn-Berger (Swiss)"]

1. e4 c5 2. Nf3 e6 3. b3 Nc6 4. Bb2 d6 5. d4 cxd4 6. Nxd4 Nf6 7. Nxc6 bxc6 8.
e5 Ne4 9. exd6 Bxd6 10. Bd3 Nf6 11. Nd2 Qc7 12. Nc4 Bxh2 13. Qf3 Bf4 14. g3 Bg5
15. Be5 Qd7 16. Nd6+ Kf8 17. Rd1 Kg8 18. Bb5 Qc7 19. Nc4 Qb7 20. Rd8+ 1-0

[Event "XXVI Ogolnopolska Olimpiada Mlodziezy"]
[Site "Pulawy"]
[Date "2020.10.06"]
[Round "2.13"]
[White "Feliks, Agnieszka"]
[Black "Gladyszewska, Kinga"]
[Result "0-1"]
[WhiteElo "1149"]
[BlackElo "1359"]
[PlyCount "114"]
[EventDate "2020.10.04"]
[EventType "swiss"]
[Tiebreak "Sum of Buchholz+Median1 Buchholz+Sonneborn-Berger (Swiss)"]

1. e4 e5 2. Nf3 Nc6 3. d4 exd4 4. Nxd4 Bc5 5. Nb3 Bb6 6. Nc3 Nf6 7. Qe2 d6 8.
Be3 Bxe3 9. Qxe3 Ng4 10. Qd2 O-O 11. f3 Nge5 12. a3 Be6 13. Nd5 Qh4+ 14. Qf2
Qxf2+ 15. Kxf2 Rac8 16. Rd1 f5 17. Bb5 fxe4 18. Bxc6 Nxc6 19. Rhe1 Bxd5 20.
Rxd5 exf3 21. gxf3 Ne5 22. Nd2 Rf5 23. c4 Rf6 24. Rf1 Ng4+ 25. Ke2 Re8+ 26. Ne4
Rxe4+ 27. fxe4 Rxf1 28. Kxf1 Ne3+ 29. Ke2 Nxd5 30. cxd5 Kf7 31. Kf3 Kf6 32. h4
g5 33. h5 h6 34. b3 Ke5 35. Ke3 g4 36. a4 g3 37. Kf3 g2 38. Kxg2 Kxe4 39. Kg3
Kxd5 40. Kf4 Ke6 41. Ke4 c5 42. a5 d5+ 43. Kd3 Ke5 44. Ke3 c4 45. bxc4 dxc4 46.
Kd2 Kd4 47. Kc2 c3 48. a6 bxa6 49. Kc1 Kd3 50. Kd1 c2+ 51. Kc1 a5 52. Kb2 Kd2
53. Kb3 c1=Q 54. Ka4 Qc6+ 55. Kxa5 Qb6+ 56. Ka4 Kc3 57. Ka3 Qa5# 0-1

[Event "XXVI Ogolnopolska Olimpiada Mlodziezy"]
[Site "Pulawy"]
[Date "2020.10.06"]
[Round "2.13"]
[White "Jaskulski, Jan"]
[Black "Trzebinski, Patryk"]
[Result "1-0"]
[WhiteElo "1619"]
[BlackElo "1837"]
[PlyCount "65"]
[EventDate "2020.10.04"]
[EventType "swiss"]
[Tiebreak "Sum of Buchholz+Median1 Buchholz+Sonneborn-Berger (Swiss)"]

1. e4 c5 2. Nf3 a6 3. c3 d5 4. exd5 Qxd5 5. d4 Nc6 6. Be2 cxd4 7. cxd4 Bf5 8.
Nc3 Qd7 9. O-O Nf6 10. d5 Na7 11. Ne5 Qd8 12. Qb3 Nd7 13. Nxd7 Qxd7 14. Bf4 Nc8
15. Nb5 Nd6 16. Bxd6 exd6 17. Rac1 Kd8 18. Qe3 Rb8 19. Qb6+ Ke8 20. Rc7 Qd8 21.
Re1 Be7 22. Bg4 axb5 23. Rexe7+ Qxe7 24. Rxe7+ Kxe7 25. Qc7+ Kf6 26. Qxd6+ Kg5
27. h4+ Kxh4 28. Bxf5 Kg5 29. g4 g6 30. f4+ Kh4 31. Kg2 h5 32. Qf6+ g5 33.
Qxg5# 1-0

[Event "XXVI Ogolnopolska Olimpiada Mlodziezy"]
[Site "Pulawy"]
[Date "2020.10.06"]
[Round "2.13"]
[White "Komendecki, Antoni"]
[Black "Klim, Filip"]
[Result "1-0"]
[WhiteElo "1801"]
[BlackElo "1843"]
[PlyCount "53"]
[EventDate "2020.10.04"]
[EventType "swiss"]
[Tiebreak "Sum of Buchholz+Median1 Buchholz+Sonneborn-Berger (Swiss)"]

1. d4 d5 2. c4 e6 3. e3 Nf6 4. Nf3 c6 5. Nc3 Nbd7 6. Qc2 Be7 7. b3 O-O 8. Bb2
dxc4 9. bxc4 c5 10. Bd3 b6 11. O-O Bb7 12. Qe2 Rc8 13. Rfd1 cxd4 14. exd4 Qc7
15. h3 Nh5 16. Nb5 Qb8 17. Ne5 Nf4 18. Bxh7+ Kh8 19. Qg4 Nxe5 20. dxe5 Rxc4 21.
Rd4 Qxe5 22. Rxc4 Qxb2 23. Rb1 Ne2+ 24. Kh1 Qxa2 25. Bd3 f5 26. Qxe2 Qxe2 27.
Bxe2 1-0

[Event "XXVI Ogolnopolska Olimpiada Mlodziezy"]
[Site "Pulawy"]
[Date "2020.10.06"]
[Round "2.13"]
[White "Mazurek, Maja"]
[Black "Staniewicz, Adrianna"]
[Result "0-1"]
[WhiteElo "1220"]
[BlackElo "1382"]
[PlyCount "113"]
[EventDate "2020.10.04"]
[EventType "swiss"]
[Tiebreak "Sum of Buchholz+Median1 Buchholz+Sonneborn-Berger (Swiss)"]

1. d4 Nf6 2. c4 e6 3. Nc3 Bb4 4. Qc2 b6 5. Bg5 Bb7 6. e3 h6 7. Bh4 g5 8. Bg3
Ne4 9. Nge2 f5 10. f3 Bxc3+ 11. Nxc3 Nxg3 12. hxg3 d6 13. Bd3 Qf6 14. O-O-O Nc6
15. a3 O-O-O 16. d5 Ne7 17. dxe6 Qxe6 18. Rhe1 Qf7 19. Nb5 Kb8 20. Kb1 Rdf8 21.
Nd4 Qf6 22. Nb3 Re8 23. e4 fxe4 24. Bxe4 Bxe4 25. Rxe4 Nc6 26. Rde1 Qf7 27.
Rxe8+ Rxe8 28. Rxe8+ Qxe8 29. Qe4 Qxe4+ 30. fxe4 Ne5 31. Nd2 Kc8 32. Kc2 Kd7
33. b3 c5 34. Kd1 Ke6 35. Ke2 Kf6 36. Nf3 Nc6 37. Ke3 Na5 38. Nd2 Nc6 39. Nf3
a6 40. Kd3 Na5 41. Kc3 Nc6 42. Kd3 Kg6 43. Kc3 Kh5 44. Nh2 Nd4 45. b4 Ne2+ 46.
Kd3 Nxg3 47. bxc5 bxc5 48. Ke3 Kg6 49. Kf3 Nh5 50. Ng4 Nf6 51. Ne3 Nd7 52. Nf5
Ne5+ 53. Ke2 Nxc4 54. a4 h5 55. g3 Kf6 56. Kf3 d5 57. Ne3 0-1

[Event "XXVI Ogolnopolska Olimpiada Mlodziezy"]
[Site "Pulawy"]
[Date "2020.10.06"]
[Round "2.14"]
[White "Bialek, Alicja"]
[Black "Peksa, Zuzanna"]
[Result "0-1"]
[WhiteElo "1457"]
[BlackElo "1267"]
[PlyCount "58"]
[EventDate "2020.10.04"]
[EventType "swiss"]
[Tiebreak "Sum of Buchholz+Median1 Buchholz+Sonneborn-Berger (Swiss)"]

1. e4 e5 2. Nf3 Nc6 3. Bc4 Bc5 4. c3 Nf6 5. d4 exd4 6. e5 d5 7. Be2 Ne4 8. cxd4
Bb4+ 9. Bd2 Nxd2 10. Nbxd2 O-O 11. O-O f6 12. Nb3 Na5 13. a3 Nxb3 14. Qxb3 Ba5
15. Rac1 c6 16. Ne1 fxe5 17. dxe5 Qg5 18. Nf3 Qg6 19. Nd4 Bb6 20. Bd3 Qg5 21.
Nf3 Qh5 22. Rfe1 Bh3 23. Be4 Qg4 24. Nd2 Rxf2 25. Bxh7+ Kxh7 26. Qxh3+ Qxh3 27.
gxh3 Rxd2+ 28. Kh1 Bc7 29. Re3 Rxb2 0-1

[Event "XXVI Ogolnopolska Olimpiada Mlodziezy"]
[Site "Pulawy"]
[Date "2020.10.06"]
[Round "2.14"]
[White "Jarocki, Gabriel"]
[Black "Myrmus, Mateusz"]
[Result "1/2-1/2"]
[WhiteElo "1510"]
[BlackElo "1826"]
[PlyCount "121"]
[EventDate "2020.10.04"]
[EventType "swiss"]
[Tiebreak "Sum of Buchholz+Median1 Buchholz+Sonneborn-Berger (Swiss)"]

1. e4 e6 2. d4 d5 3. e5 c5 4. c3 Nc6 5. Nf3 Bd7 6. Be2 Nh6 7. Bd3 cxd4 8. cxd4
Nb4 9. Bxh6 Nxd3+ 10. Qxd3 gxh6 11. O-O Bg7 12. Nc3 O-O 13. Ne2 Rc8 14. Ng3 Qe8
15. Qd2 f5 16. exf6 Rxf6 17. Ne5 Rf8 18. Rae1 Bb5 19. Ne2 Bxe5 20. dxe5 Qg6 21.
Rc1 Qd3 22. Qxd3 Bxd3 23. Rxc8 Rxc8 24. Rc1 Rxc1+ 25. Nxc1 Bc4 26. f4 Kf7 27.
Kf2 Kg6 28. g4 h5 29. h3 hxg4 30. hxg4 h5 31. gxh5+ Kxh5 32. Ke3 Kg4 33. a3 a5
34. b3 Bb5 35. Na2 d4+ 36. Kxd4 Kxf4 37. Nc3 Bc6 38. b4 axb4 39. axb4 b6 40.
Nb1 Bb5 41. Nd2 Be2 42. Ne4 b5 43. Nc5 Bc4 44. Nd7 Bf1 45. Nf6 Bc4 46. Ng8 Bf1
47. Ne7 Bc4 48. Nc6 Bd5 49. Nd8 Bc4 50. Nf7 Bf1 51. Nd8 Bc4 52. Nb7 Be2 53. Nc5
Bc4 54. Nd7 Bf1 55. Kc5 Ke4 56. Kd6 Kd4 57. Kxe6 Bh3+ 58. Kd6 Kc4 59. e6 Bxe6
60. Kxe6 Kxb4 61. Kd5 1/2-1/2

[Event "XXVI Ogolnopolska Olimpiada Mlodziezy"]
[Site "Pulawy"]
[Date "2020.10.06"]
[Round "2.14"]
[White "Popczynska, Maja"]
[Black "Pniewska, Beata"]
[Result "1-0"]
[WhiteElo "1339"]
[BlackElo "1170"]
[PlyCount "97"]
[EventDate "2020.10.04"]
[EventType "swiss"]
[Tiebreak "Sum of Buchholz+Median1 Buchholz+Sonneborn-Berger (Swiss)"]

1. e4 e6 2. d4 d5 3. Nd2 c5 4. exd5 exd5 5. Bb5+ Nc6 6. Ngf3 Nf6 7. O-O Be7 8.
dxc5 Bxc5 9. Qe2+ Be7 10. Re1 a6 11. Bxc6+ bxc6 12. Nd4 Bd7 13. b3 c5 14. Ba3
Rc8 15. N4f3 Rc6 16. Nd4 Rc8 17. Qxa6 Ra8 18. Rxe7+ Kxe7 19. Bxc5+ Ke8 20. Re1+
Ne4 21. Qb7 f5 22. Qxd5 Qa5 23. b4 Qxa2 24. Qxa2 Rxa2 25. f3 Kf7 26. fxe4 Re8
27. Nc4 Kg8 28. Nd6 Re5 29. c3 fxe4 30. Rxe4 Rg5 31. Re2 Ra3 32. Ne4 Re5 33. h3
Bf5 34. Nxf5 Rxf5 35. Rf2 Rxf2 36. Kxf2 Kf7 37. Bd4 h6 38. Ke3 g5 39. Kd3 Ra2
40. g4 Rh2 41. Nf2 Rg2 42. Kc4 Rg1 43. b5 Rb1 44. Kc5 Ke6 45. Kc6 Ke7 46. b6
Kd8 47. b7 Rb3 48. Bf6+ Ke8 49. Kc7 1-0

[Event "XXVI Ogolnopolska Olimpiada Mlodziezy"]
[Site "Pulawy"]
[Date "2020.10.06"]
[Round "2.14"]
[White "Rosa, Antoni"]
[Black "Zieba, Hubert"]
[Result "1-0"]
[WhiteElo "1419"]
[BlackElo "1424"]
[PlyCount "119"]
[EventDate "2020.10.04"]
[EventType "swiss"]
[Tiebreak "Sum of Buchholz+Median1 Buchholz+Sonneborn-Berger (Swiss)"]

1. c4 c5 2. Nc3 Nc6 3. g3 g6 4. Bg2 Bg7 5. d3 e6 6. Bd2 Nge7 7. Qc1 O-O 8. h4
b6 9. h5 Bb7 10. g4 d5 11. cxd5 Nxd5 12. Bh6 Bxh6 13. Qxh6 g5 14. Be4 Nf6 15.
Qxg5+ Kh8 16. Qh6 Nxe4 17. Nxe4 f5 18. Ng5 Qe7 19. f3 Rf6 20. Qxh7+ Qxh7 21.
Nxh7 Kxh7 22. g5 Rff8 23. Nh3 e5 24. Kd2 Kg7 25. g6 Ne7 26. Rag1 Ng8 27. Ng5
Bd5 28. b3 Nh6 29. e4 fxe4 30. dxe4 Bg8 31. Ke3 Rad8 32. Rd1 Kf6 33. Rxd8 Rxd8
34. Rg1 Rd7 35. f4 exf4+ 36. Kxf4 Re7 37. Rd1 Kg7 38. Rd6 b5 39. e5 c4 40. e6
c3 41. Rc6 b4 42. Nf7 Bxf7 43. gxf7 c2 44. Ke5 Nxf7+ 45. Kd5 Ng5 46. Rxc2 Rxe6
47. Rg2 Kh6 48. Rxg5 Re2 49. Rg6+ Kxh5 50. Ra6 Re7 51. Kc5 Kg5 52. Kxb4 Rc7 53.
Re6 Kf5 54. Re8 Rb7+ 55. Ka5 Rc7 56. b4 Rb7 57. b5 Rc7 58. a4 Rd7 59. Ka6 Rd4
60. a5 1-0

[Event "XXVI Ogolnopolska Olimpiada Mlodziezy"]
[Site "Pulawy"]
[Date "2020.10.06"]
[Round "2.15"]
[White "Brozynski, Patryk"]
[Black "Olszewski, Antoni"]
[Result "0-1"]
[WhiteElo "1734"]
[BlackElo "1412"]
[PlyCount "122"]
[EventDate "2020.10.04"]
[EventType "swiss"]
[Tiebreak "Sum of Buchholz+Median1 Buchholz+Sonneborn-Berger (Swiss)"]

1. e4 c5 2. Nf3 e6 3. d4 cxd4 4. Nxd4 a6 5. Nc3 b5 6. Be3 Bb7 7. f3 Nf6 8. Bd3
Be7 9. Qe2 O-O 10. Rd1 Qc7 11. O-O b4 12. Nb1 d5 13. Bf2 dxe4 14. fxe4 Nbd7 15.
Nd2 Nc5 16. e5 Nd5 17. N2f3 Nxd3 18. Qxd3 Rac8 19. Bg3 Rfd8 20. Nd2 Bc5 21.
N2b3 Bb6 22. Kh1 Ne7 23. Qe2 Ng6 24. Qg4 a5 25. Rde1 Qc4 26. h4 Bxd4 27. Nxa5
Qd5 28. Nxb7 Qxb7 29. h5 Rxc2 30. Rf3 Nxe5 31. Bxe5 Bxe5 32. Rxe5 Rd1+ 33. Kh2
Qb6 34. Rfe3 Rdd2 35. Rg3 g6 36. hxg6 hxg6 37. Qe4 Qd4 38. Qa8+ Qd8 39. Qe4 Rd4
40. Qxc2 Qh4+ 41. Rh3 Qf4+ 42. Kg1 Rc4 43. Qd1 Rc1 44. Re1 Rxd1 45. Rxd1 Qc4
46. Rb3 e5 47. Rdd3 e4 48. Re3 f5 49. Re1 f4 50. Rh3 Qxa2 51. Rh4 g5 52. Rg4
Qd5 53. Rxg5+ Qxg5 54. Rxe4 Qc5+ 55. Kh2 b3 56. Rxf4 Qc2 57. Kg3 Qxb2 58. Kh4
Qxg2 59. Rg4+ Qxg4+ 60. Kxg4 b2 61. Kf4 b1=Q 0-1

[Event "XXVI Ogolnopolska Olimpiada Mlodziezy"]
[Site "Pulawy"]
[Date "2020.10.06"]
[Round "2.15"]
[White "Giemza, Julia"]
[Black "Bar, Klaudia"]
[Result "0-1"]
[WhiteElo "1279"]
[BlackElo "1408"]
[PlyCount "106"]
[EventDate "2020.10.04"]
[EventType "swiss"]
[Tiebreak "Sum of Buchholz+Median1 Buchholz+Sonneborn-Berger (Swiss)"]

1. e4 c5 2. Nf3 Nc6 3. d4 cxd4 4. Nxd4 g6 5. Nc3 Bg7 6. Be3 Nf6 7. Nb3 d6 8.
Be2 O-O 9. O-O Bd7 10. f4 Rc8 11. h3 a6 12. a4 Na5 13. Nxa5 Qxa5 14. g4 Rxc3
15. bxc3 Nxe4 16. Qd3 Nxc3 17. Bf3 Bc6 18. Bxc6 bxc6 19. Bd2 Qc5+ 20. Be3 Bd4
21. Bxd4 Qxd4+ 22. Qxd4 Ne2+ 23. Kg2 Nxd4 24. c3 Nc2 25. Rae1 Nxe1+ 26. Rxe1
Re8 27. Rb1 c5 28. Rb6 a5 29. Kf3 f5 30. Rb5 Ra8 31. Rb7 Kf7 32. c4 h6 33. h4
Kf6 34. g5+ hxg5 35. hxg5+ Ke6 36. Kg3 Rh8 37. Rb1 Rh7 38. Kg2 Rh8 39. Kg3 Kf7
40. Kg2 Re8 41. Rb7 Kf8 42. Rb6 Ra8 43. Kf3 Kf7 44. Kg3 Ke6 45. Rb7 Rd8 46. Rb5
Ra8 47. Rb7 Kf7 48. Rb5 Ke8 49. Rb6 Kd8 50. Rb7 Rc8 51. Rb5 d5 52. Rxa5 dxc4
53. Rb5 Kd7 0-1

[Event "XXVI Ogolnopolska Olimpiada Mlodziezy"]
[Site "Pulawy"]
[Date "2020.10.06"]
[Round "2.15"]
[White "Madajczak, Piotr"]
[Black "Zalega, Maciej"]
[Result "1-0"]
[WhiteElo "1814"]
[BlackElo "1713"]
[PlyCount "65"]
[EventDate "2020.10.04"]
[EventType "swiss"]
[Tiebreak "Sum of Buchholz+Median1 Buchholz+Sonneborn-Berger (Swiss)"]

1. d4 Nf6 2. Nc3 d5 3. Bf4 g6 4. Nf3 c6 5. h3 Bg7 6. e3 O-O 7. Bd3 Re8 8. O-O
Nbd7 9. Ne2 Nh5 10. Bh2 e5 11. Nxe5 Nxe5 12. dxe5 Bxe5 13. Bxe5 Rxe5 14. Nd4
Ng7 15. c4 dxc4 16. Bxc4 Qb6 17. Qd2 c5 18. Nf3 Re8 19. Rfd1 Be6 20. Bxe6 Nxe6
21. Qc2 Red8 22. b3 Rac8 23. Rac1 Qc7 24. Qe4 b5 25. a4 bxa4 26. Qxa4 Rb8 27.
Ra1 Rxd1+ 28. Rxd1 Rb7 29. Rd5 Qb8 30. Nd2 Rb4 31. Qc6 a5 32. Rd7 Kg7 33. Qxe6
1-0

[Event "XXVI Ogolnopolska Olimpiada Mlodziezy"]
[Site "Pulawy"]
[Date "2020.10.06"]
[Round "2.15"]
[White "Sliwicka, Weronika"]
[Black "Laszczuk, Marcelina"]
[Result "1/2-1/2"]
[WhiteElo "1272"]
[BlackElo "1104"]
[PlyCount "65"]
[EventDate "2020.10.04"]
[EventType "swiss"]
[Tiebreak "Sum of Buchholz+Median1 Buchholz+Sonneborn-Berger (Swiss)"]

1. e4 e5 2. Nf3 Nc6 3. Nc3 Nf6 4. d4 exd4 5. Nxd4 Bc5 6. Be3 Bb6 7. Bc4 O-O 8.
O-O d6 9. h3 h6 10. Nxc6 bxc6 11. Qf3 Be6 12. Bxe6 fxe6 13. Qg3 Kh7 14. Bd2 e5
15. Rae1 Qe7 16. Na4 Rf7 17. Nxb6 axb6 18. Qb3 Nh5 19. a3 Raf8 20. Qc4 Qd7 21.
Qe2 Nf4 22. Bxf4 Rxf4 23. Rd1 R4f6 24. Rd3 Qe6 25. Rg3 Rg6 26. Rf3 Rgf6 27. Rg3
Rg6 28. Rf3 Rff6 29. Rd1 Rxf3 30. Qxf3 Rf6 31. Qc3 Qf7 32. Rd2 c5 33. Qe3
1/2-1/2

[Event "XXVI Ogolnopolska Olimpiada Mlodziezy"]
[Site "Pulawy"]
[Date "2020.10.06"]
[Round "2.16"]
[White "Kozera, Dawid"]
[Black "Demski, Michal"]
[Result "0-1"]
[WhiteElo "1450"]
[BlackElo "1809"]
[PlyCount "61"]
[EventDate "2020.10.04"]
[EventType "swiss"]
[Tiebreak "Sum of Buchholz+Median1 Buchholz+Sonneborn-Berger (Swiss)"]

1. e4 e5 2. Nf3 Nc6 3. Bb5 a6 4. Ba4 Nf6 5. O-O Nxe4 6. Re1 Nc5 7. Bxc6 dxc6 8.
Nxe5 Be7 9. d3 O-O 10. Nc3 Ne6 11. Ne4 f6 12. Nf3 Re8 13. Be3 b6 14. h3 Nf8 15.
Nd4 Bd7 16. Qf3 Ng6 17. Bf4 c5 18. Ne2 Bc6 19. Qg3 Rc8 20. N2c3 f5 21. Nd2 Bh4
22. Rxe8+ Qxe8 23. Qe3 Qxe3 24. fxe3 Nxf4 25. exf4 b5 26. Nf1 Re8 27. g3 b4 28.
Nd1 Re2 29. Nde3 Bf6 30. c3 bxc3 31. bxc3 0-1

[Event "XXVI Ogolnopolska Olimpiada Mlodziezy"]
[Site "Pulawy"]
[Date "2020.10.06"]
[Round "2.16"]
[White "Nocek, Dominik"]
[Black "Grot, Blazej"]
[Result "0-1"]
[WhiteElo "1354"]
[BlackElo "1791"]
[PlyCount "86"]
[EventDate "2020.10.04"]
[EventType "swiss"]
[Tiebreak "Sum of Buchholz+Median1 Buchholz+Sonneborn-Berger (Swiss)"]

1. e4 c5 2. Nf3 e6 3. d4 cxd4 4. Nxd4 Nf6 5. Nc3 d6 6. g4 h6 7. h4 Nc6 8. Rg1
h5 9. gxh5 Nxh5 10. Bg5 Nf6 11. Qd2 Qb6 12. Nb3 a6 13. O-O-O Qc7 14. Kb1 Bd7
15. Bxf6 gxf6 16. Qf4 Be7 17. h5 O-O-O 18. Be2 Ne5 19. Qe3 Kb8 20. f4 Nc4 21.
Qd4 Rc8 22. Nd2 Na3+ 23. bxa3 Qxc3 24. Qxc3 Rxc3 25. Kb2 Re3 26. Bf3 Bf8 27.
Rdf1 b5 28. Bd1 Bh6 29. f5 e5 30. Rf3 Rxf3 31. Nxf3 Bc6 32. Rg4 Bf4 33. Rg7
Bxe4 34. Rxf7 Bxf5 35. Rxf6 Bg4 36. Rxd6 Bxf3 37. Bxf3 e4 38. Rxa6 exf3 39. Kb3
Be5 40. Rb6+ Kc7 41. Rxb5 f2 42. Rxe5 f1=Q 43. Rc5+ Kd6 0-1

[Event "XXVI Ogolnopolska Olimpiada Mlodziezy"]
[Site "Pulawy"]
[Date "2020.10.06"]
[Round "2.16"]
[White "Salamon, Julia"]
[Black "Mitrega, Wiktoria"]
[Result "1-0"]
[WhiteElo "1551"]
[BlackElo "1064"]
[PlyCount "61"]
[EventDate "2020.10.04"]
[EventType "swiss"]
[Tiebreak "Sum of Buchholz+Median1 Buchholz+Sonneborn-Berger (Swiss)"]

1. d4 d5 2. c4 c6 3. Nc3 Nf6 4. Nf3 a6 5. e3 Bf5 6. Be2 e6 7. O-O Bd6 8. c5 Bc7
9. Qb3 Qc8 10. Na4 Nbd7 11. Bd2 Rb8 12. Bc3 O-O 13. h3 h6 14. Rfd1 Qd8 15. Bd3
Bxd3 16. Rxd3 Ne4 17. Qc2 Nxc3 18. Qxc3 Qf6 19. Re1 e5 20. dxe5 Nxe5 21. Nxe5
Bxe5 22. Qb4 Rfd8 23. Nc3 Bc7 24. Red1 Qe7 25. a3 a5 26. Qg4 Qxc5 27. e4 dxe4
28. Qxe4 Bb6 29. Qf4 g5 30. Rxd8+ Bxd8 31. Qxb8 1-0

[Event "XXVI Ogolnopolska Olimpiada Mlodziezy"]
[Site "Pulawy"]
[Date "2020.10.06"]
[Round "2.16"]
[White "Skolska, Emilia"]
[Black "Romejko, Jagoda"]
[Result "0-1"]
[WhiteElo "1401"]
[BlackElo "1257"]
[PlyCount "48"]
[EventDate "2020.10.04"]
[EventType "swiss"]
[Tiebreak "Sum of Buchholz+Median1 Buchholz+Sonneborn-Berger (Swiss)"]

1. e4 e5 2. Nf3 Nc6 3. d4 exd4 4. Bc4 Nf6 5. O-O Nxe4 6. Re1 d5 7. Bxd5 Qxd5 8.
Nc3 Qh5 9. Nxe4 Be6 10. Neg5 O-O-O 11. Nxe6 fxe6 12. Rxe6 Bd6 13. Qe2 Rde8 14.
Qc4 Ne5 15. Rxe8+ Rxe8 16. Nxe5 Bxe5 17. g3 Qd1+ 18. Kg2 Bd6 19. Qf7 Qe2 20.
Qf5+ Kb8 21. Qd7 Rf8 22. Bf4 g5 23. Re1 Qxe1 24. Bxd6 Qxf2+ 0-1

[Event "XXVI Ogolnopolska Olimpiada Mlodziezy"]
[Site "Pulawy"]
[Date "2020.10.06"]
[Round "2.17"]
[White "Arabas, Hanna"]
[Black "Ziobrowska, Maja"]
[Result "0-1"]
[WhiteElo "1110"]
[BlackElo "1483"]
[PlyCount "54"]
[EventDate "2020.10.04"]
[EventType "swiss"]
[Tiebreak "Sum of Buchholz+Median1 Buchholz+Sonneborn-Berger (Swiss)"]

1. Nf3 Nf6 2. g3 d5 3. Bg2 e6 4. O-O c5 5. e3 Nc6 6. d4 Be7 7. c4 O-O 8. b3 b6
9. Bb2 Ba6 10. Nbd2 Rc8 11. Re1 Qd6 12. a3 Rfd8 13. Rc1 cxd4 14. cxd5 dxe3 15.
Rxc6 Rxc6 16. dxc6 exd2 17. Re3 Qxc6 18. Nd4 Qd6 19. Qxd2 e5 20. Rxe5 Qxe5 21.
Nc6 Rxd2 22. Bxe5 Rd1+ 23. Bf1 Bc5 24. h3 Rxf1+ 25. Kh2 Bb7 26. b4 Bxc6 27.
bxc5 Rh1# 0-1

[Event "XXVI Ogolnopolska Olimpiada Mlodziezy"]
[Site "Pulawy"]
[Date "2020.10.06"]
[Round "2.17"]
[White "Golinska, Patrycja"]
[Black "Niedorys, Karolina"]
[Result "0-1"]
[WhiteElo "1264"]
[BlackElo "1364"]
[PlyCount "102"]
[EventDate "2020.10.04"]
[EventType "swiss"]
[Tiebreak "Sum of Buchholz+Median1 Buchholz+Sonneborn-Berger (Swiss)"]

1. e4 c6 2. d4 d5 3. exd5 cxd5 4. Bd3 Nc6 5. c3 Nf6 6. Nf3 Bg4 7. Nbd2 e6 8.
O-O Bd6 9. Re1 O-O 10. h3 Bh5 11. Qc2 Rc8 12. Ng5 Bg6 13. Bxg6 hxg6 14. Ndf3
Re8 15. Nxf7 Kxf7 16. Ng5+ Kg8 17. Qxg6 Qd7 18. h4 Re7 19. h5 Qe8 20. Re3 Qxg6
21. hxg6 Bf4 22. Rh3 Bxg5 23. Bxg5 e5 24. Re1 Rce8 25. dxe5 Rxe5 26. Rxe5 Rxe5
27. Bxf6 Re1+ 28. Kh2 gxf6 29. Rh7 Re7 30. Rh5 Ne5 31. Rf5 Kg7 32. Rf4 Kxg6 33.
Rd4 Rd7 34. f4 Nc6 35. Rd3 Kf5 36. Kg3 d4 37. Kf3 Ke6 38. g4 dxc3 39. Rxc3 a6
40. f5+ Kf7 41. Kf4 Nb4 42. Ra3 Rd4+ 43. Kf3 Rd3+ 44. Rxd3 Nxd3 45. b3 Nc1 46.
a3 Nxb3 47. Kf4 Nd2 48. g5 fxg5+ 49. Kxg5 Nc4 50. Kf4 Nxa3 51. Ke4 Kf6 0-1